1645 1124 1145 1813 1420 1367 1446 1840 1714 1593 1657 1374 1422 1470 1347 1777 1470 1139 1650 1680 1467 1887 1411 1644 1104 1843 1668 1231 1827 1550 1583 1165 1227 1669 1257 1947 1395 1637 1560 1931 1518 1426 1990 1275 1359 1990 1151 1996 1460 1256 1011 1440 1035 1213 1358 1260 1918 1062 1344 1724 1162 1646 1869 1692 1305 1045 1150 1724 1563 1782 1080 1799 1729 1905 1198 1778 1341 1674 1064 1539 1314 1686 1069 1650 1345 1554 1475 1423 1213 1277 1957 1772 1478 1508 1811 1912 1631 1589 1005 BCNSPRNW ULIB Ver.6.0+V

เปลี่ยนเป็นภาษาไทย

Change to English
 แสดงรายละเอียดบรรณานุกรม
  กลับหน้าหลัก

Brief Record : Get Marc (ISO 2709) : E-mail record : QR code < ปิดหน้าต่าง
LEADER : 00000nam 2200000uu 4500
001    13399122859
003     ULIB
008    131022s2555||||th 000 0 tha d
020    ^a9789742473785
050  4 ^aDS520^bพ451ร
100    ^aพลอยแพรวา
245    ^aเราคืออาเซียน--เวียดนาม /^cพลอยแพรวา
250    ^aพิมพ์ครั้งที่ 4
260    ^aกรุงเทพฯ :^bอมรินทร์คอมมิกส์,^c2555
300    ^a55 หน้า
440  0 ^aชุด เราคืออาเซียน
650  7 ^aประชาคมอาเซียน
650  7 ^aอาเซียน
650  7 ^aเวียดนาม
945    ^p75^l0^i034080
999    ^aทศพร
รายการนี้ยังไม่มีแท็ก
คุณยังไม่ได้ล็อกอิน คุณสามารถมีกิจกรรมร่วมกับเว็บไซต์ได้ แต่ต้องล็อกอินก่อน ::
  ล็อกอิน

รายการสื่อสารสนเทศ

ลำดับที่ ประเภท เลขเรียก/บาร์โค้ด สถานที่ สถานะ
1. การศึกษาทั่วไป
หนังสือสำรอง
สถานะ=หนังสือสำรอง
DS520 พ451ร ฉ.1 
  Barcode: 034080
ห้องสมุดวิทยาเขตสวรรค์ประชารักษ์
►หนังสือทั่วไป
บนชั้น

รายการใกล้เคียง
    ผู้แต่ง [พลอยแพรวา]

    หัวเรื่อง [ประชาคมอาเซียน]
    หัวเรื่อง [อาเซียน]
    หัวเรื่อง [เวียดนาม]

BibComment


ยังไม่เคยถูกคอมเมนท์

คอมเมนท์ทรัพยากรรายการนี้
  คอมเมนท์: เราคืออาเซียนเวี..


 Copyright 2026. Bcnsprnw @Library